ՀՀ Գիտությունների ազգային ակադեմիայի հիմնարար գիտական գրադարան  =   Fundamental Scientific Library of NAS RA
Normal view MARC view

Entry Personal Name

Number of records used in: 25

001 - CONTROL NUMBER

  • control field: 1363

003 - CONTROL NUMBER IDENTIFIER

  • control field: AM-YEHGA

005 - DATE AND TIME OF LATEST TRANSACTION

  • control field: 20250617070427.0

008 - FIXED-LENGTH DATA ELEMENTS

  • fixed length control field: 050223 a|ac|n|aab||||||||||||a |n|||||||

040 ## - CATALOGING SOURCE

  • Original cataloging agency: AM-YEHGA

100 1# - HEADING--PERSONAL NAME

  • Personal name: Համբարձումյան, Համազասպ Ասատուրի,
  • Dates associated with a name: 1880-1965

400 1# - SEE FROM TRACING--PERSONAL NAME

  • Personal name: Համբարձումյան, Համազասպ,
  • Dates associated with a name: 1880-1965

400 1# - SEE FROM TRACING--PERSONAL NAME

  • Personal name: Համբարձումեան, Համազասպ,
  • Dates associated with a name: 1880-1965

400 1# - SEE FROM TRACING--PERSONAL NAME

  • Personal name: Համբարձումեան, Հ.
  • Fuller form of name: (Համազասպ),
  • Dates associated with a name: 1880-1965

400 1# - SEE FROM TRACING--PERSONAL NAME

  • Personal name: Համբարձումյան, Հ.Ա.
  • Fuller form of name: (Համազասպ Ասատուրի),
  • Dates associated with a name: 1880-1965

400 1# - SEE FROM TRACING--PERSONAL NAME

  • Personal name: Համբարձումյան, Հ.
  • Fuller form of name: (Համազասպ),
  • Dates associated with a name: 1880-1965

400 1# - SEE FROM TRACING--PERSONAL NAME

  • Personal name: Амбарцумян, Амазасп Асатурович,
  • Dates associated with a name: 1880-1965

400 1# - SEE FROM TRACING--PERSONAL NAME

  • Personal name: Амбарцумян, Амазасп А.
  • Dates associated with a name: 1880-1965

400 1# - SEE FROM TRACING--PERSONAL NAME

  • Personal name: Hambardzumyan, Hamazasp Asaturi,
  • Dates associated with a name: 1880-1965

670 ## - SOURCE DATA FOUND

  • Source citation: Հայկական համառոտ հանրագիտարան, 1999 :
  • Information found: հ. 3 (Համբարձումյան Համազասպ Ասատուրի (25.9.1880, գ. Բասարգեչար (այժմ՝ ք. Վարդենիս, ՀՀ Գեղարքունիքի մ.) - 3.2.1965, Երևան, թաղ. Բյուրականում), թարգմանիչ, գրականագետ։ Բանաս. գիտ. դ-ր (1953), պրոֆ. (1954)։ ՀԽՍՀ գիտ. վաստ. գործիչ (1962)։ ԵՊՀ-ի դասախոս։ Վ.Հ. Համբարձումյանի հայրը։ )

670 ## - SOURCE DATA FOUND

  • Source citation: Հին հունական ողբերգություններ, 1990 :
  • Information found: տիտղթ. (Թարգմ.՝ Հ. Համբարձումյան); վերջ. (Համբարձումյան Համազասպ)

670 ## - SOURCE DATA FOUND

  • Source citation: Ռուս-հայերեն բառարան = Русско-армянский словарь, 1954 :
  • Information found: տիտղթ. (Կազմ.՝ Մ.Ա. Գևորգյան, Հ.Ա. Համբարձումյան)

670 ## - SOURCE DATA FOUND

  • Source citation: Ճանապարհորդական մտորումներ, 1963 :
  • Information found: տիտղթ. (Հ. Համբարձումյան)

670 ## - SOURCE DATA FOUND

  • Source citation: Երկերի ժողովածու (Բանաստեղծութիւններ), 1927 :
  • Information found: տիտղթ. (Հ. Համբարձումեան); վերջ. (Համբարձումեան Համազասպ)

670 ## - SOURCE DATA FOUND

  • Source citation: Голоса прошлого в борьбе возвышенного и пошлого, 1963 :
  • Information found: т.л. (Проф. Амбарцумиан А.А.); конц. (Амбарцумян Амазасп А.)


ՀՀ ԳԱԱ հիմնարար գիտական գրադարան
ՀՀ,Երևան 0019
Մարշալ Բաղրամյան 24/6
հեռախոս:(374-10) 52-47-50
Հետադարձ կապ

All site content, except where otherwise noted, is licensed under a
Creative Commons License